000 00389 a2200169 4500
001 164136
020 _a85-16-03692-8
040 _cMagnum
100 _aCanto, Eduardo Leite do
240 1 0 _aQuímica na abordagem do cotidiano 1
_lpor
245 1 0 _aQuímica na abordagem do cotidiano 1
300 _a343
362 0 _a2003
440 1 _aModerna
697 _aQUÍMICA
942 _cBK
999 _c164136
_d164136